<?xml version="1.0" encoding="UTF-8"?>
<record
    xmlns:xsi="http://www.w3.org/2001/XMLSchema-instance"
    xsi:schemaLocation="http://www.loc.gov/MARC21/slim http://www.loc.gov/standards/marcxml/schema/MARC21slim.xsd"
    xmlns="http://www.loc.gov/MARC21/slim">

  <leader>01336    a2200205   4500</leader>
  <controlfield tag="001">54062</controlfield>
  <controlfield tag="005">20260407155811.0</controlfield>
  <controlfield tag="008">260407a1973    arg                 spa d</controlfield>
  <controlfield tag="003">AR-UNSa-BCEJYS</controlfield>
  <datafield tag="040" ind1=" " ind2=" ">
    <subfield code="a">AR-UNSa-BCEJYS</subfield>
    <subfield code="b">spa</subfield>
    <subfield code="c">AR-UNSa-BCEJYS</subfield>
  </datafield>
  <datafield tag="080" ind1=" " ind2=" ">
    <subfield code="a">330.43</subfield>
    <subfield code="x">Econometr&#xED;a</subfield>
  </datafield>
  <datafield tag="245" ind1="1" ind2="0">
    <subfield code="a">Manual de econometr&#xED;a</subfield>
  </datafield>
  <datafield tag="264" ind1=" " ind2="1">
    <subfield code="a">Buenos Aires :</subfield>
    <subfield code="b">Amorrortu Editores</subfield>
    <subfield code="c">1973</subfield>
  </datafield>
  <datafield tag="300" ind1=" " ind2=" ">
    <subfield code="a">558 p.</subfield>
    <subfield code="c">23 cm.</subfield>
  </datafield>
  <datafield tag="505" ind1=" " ind2=" ">
    <subfield code="a">1. Econom&#xED;a y estad&#xED;stica - 2. Revisi&#xF3;n de conceptos econ&#xF3;micos - 3. Revisi&#xF3;n de conceptos estad&#xED;sticos - 4. Regresi&#xF3;n simple y medici&#xF3;n de relaciones econ&#xF3;miicas - 5. N&#xFA;meros &#xED;ndice y series cronol&#xF3;gicas - 6. An&#xE1;lisis de regresi&#xF3;n simple:Modelos alternativos - 7. An&#xE1;lisis de regres&#xF3;n m&#xFA;ltiple - 8. An&#xE1;lisis de varianza - 9. An&#xE1;lisis l&#xF3;gico o estructural de las series cronol&#xF3;gicas econ&#xF3;micas - 10. La construcci&#xF3;n de modelos econ&#xF3;micos de gran escala:Un campo de pruebas para la estad&#xED;stica econ&#xF3;mica - 11. Identificaci&#xF3;n, ordenamienbto causal y estimac&#xF3;n en los modelos econ&#xF3;micos - 12. M&#xFA;todos alternativos dee stimac&#xF3;n en los modelos econ&#xF3;micos - 13. La multicolinealidad y el uso de informaci&#xF3;n a priori en modelos econ&#xF3;micos - 14. Medici&#xF3;n de agregados econ&#xF3;micos </subfield>
  </datafield>
  <datafield tag="041" ind1=" " ind2=" ">
    <subfield code="a">spa</subfield>
  </datafield>
  <datafield tag="942" ind1=" " ind2=" ">
    <subfield code="c">BK</subfield>
  </datafield>
  <datafield tag="590" ind1=" " ind2=" ">
    <subfield code="a">niveau_biblio:m niveau_hierar:0</subfield>
  </datafield>
  <datafield tag="100" ind1="1" ind2=" ">
    <subfield code="a">Fox, Karl A.</subfield>
  </datafield>
  <datafield tag="999" ind1=" " ind2=" ">
    <subfield code="c">5330</subfield>
    <subfield code="d">5330</subfield>
  </datafield>
  <datafield tag="952" ind1=" " ind2=" ">
    <subfield code="0">0</subfield>
    <subfield code="1">0</subfield>
    <subfield code="4">0</subfield>
    <subfield code="7">0</subfield>
    <subfield code="a">BCEJYS</subfield>
    <subfield code="b">BCEJYS</subfield>
    <subfield code="c">16</subfield>
    <subfield code="d">2026-04-07</subfield>
    <subfield code="l">0</subfield>
    <subfield code="o">330.43 F791</subfield>
    <subfield code="p">L25054</subfield>
    <subfield code="r">2026-04-07 15:58:11</subfield>
    <subfield code="w">2026-04-07</subfield>
    <subfield code="y">L</subfield>
  </datafield>
</record>
